00943cam a2200253 a 450000100100000000500170001000800410002702000150006804000230008308200170010610000440012324501160016726000570028330000210034050400300036150000210039165000270041265000290043970000450046891000340051391000070054795201200055499900150067400000238920200929150206.0780825s1977 sp b 001 0 eng  a8460007375 aDO-SdBNPcDLCdDLC a492.7bC825g1 aCorriente, F.q(Federico),d1940-9758512aA grammatical sketch of the spanish arabic dialect bundle /cF. Corriente ; prólogo, Emilio García Gómez. aMadrid :bInstituto Hispano-Arabe de Cultura,c1977. a196 p. ;c24 cm. aBibliografía: p. 13-21. aIncluye índice 4aDialecto árabe97586 4aDialecto español975871 aGarcía Gómez, Emilio,epról.97588 aCatalogación por copia / LC aWM 001052708MOaGRbGRcHDd2009-07-07iLF1l0o492.7 C825gp2389-10r2020-06-25w2020-06-25y2ZPréstamo interno c2228d2228